000 02038cam a2200169 4500500
005 20251228052926.0
041 _afre
042 _adc
100 1 0 _aGarcier, Romain J.
_eauthor
245 0 0 _aGautier Dalché P. (dir.)(2013). La Terre. Connaissance, représentations, mesure au Moyen Âge. Turnhout : Éditions Brepols, coll. « L’atelier du médiéviste », n° 13, 710 p.
260 _c2014.
500 _a25
520 _aLes déchets radioactifs de faible activité sont soumis aujourd’hui à un impératif de « gestion ». En mobilisant un cadre théorique entre la géographie et le droit, l’article montre que cette gestion en France est actualisée par un « dispositif géo-légal » – un ensemble de normes juridiques qui vise à contrôler la circulation spatiale des matières. En analysant l’émergence et le fonctionnement de ce dispositif, nous nous interrogeons sur la productivité spatiale des dispositifs normatifs de gestion des choses. Nous montrons que le dispositif crée des tensions liées à ses conséquences matérielles (la saturation des sites de stockage) et à son coût, compromettant ainsi sa stabilité.
520 _aDisperse, confine or recycle?Since the 1960s, “managing” radioactive waste has become a policy imperative. Set in a legal geography framework, this paper shows that in France low-level waste management hinges on a “geo-legal dispositive” – a set of legal norms intended to control the spatial circulation of radioactive materials. By analyzing the genesis and the operation of the dispositive, the paper unpacks the spatial productivity of normative mechanisms for the management of things. The paper demonstrates that the existing dispositive has created unintended consequences (disposal site saturation, costs) that compromise its stability.
786 0 _nL’Espace géographique | 43 | 3 | 2014-11-14 | p. 284b-286b | 0046-2497
856 4 1 _uhttps://shs.cairn.info/revue-espace-geographique-2014-3-page-284b?lang=fr&redirect-ssocas=7080
999 _c1584825
_d1584825